[Event "EYCC Open U20 2021"]
[Site "Tornelo"]
[Date "2021.10.15"]
[Round "3.11"]
[White "Tryggestad, Andreas Garberg"]
[Black "Levin, Guy"]
[Result "1-0"]
[WhiteElo "2268"]
[BlackElo "2359"]
[Annotator "NA"]
[PlyCount "133"]
[EventDate "2021.10.15"]
[EventType "swiss"]
[EventCountry "NET"]
[SourceTitle "playchess.com"]
[Source "ChessBase"]
[SourceQuality "1"]
[TimeControl "5400+30"]

1. d4 {[%emt 0:00:30]} d5 {[%emt 0:00:36]} 2. c4 {[%emt 0:00:05]} e6 {[%emt 0:00:03]} 3. Nf3 {[%emt 0:00:04]} Nf6 {[%emt 0:00:06]} 4. Nc3 {[%emt 0:00:09]} dxc4 {[%emt 0:00:03]} 5. e4 {[%emt 0:00:05]} b5 {[%emt 0:00:04]} 6. e5 {[%emt 0:01:03]} Nd5 {[%emt 0:00:04]} 7. Nxb5 {[%emt 0:00:12]} Nb6 {[%emt 0:00:05]} 8. Be2 {[%emt 0:00:11]} Nc6 {[%emt 0:00:09]} 9. O-O {[%emt 0:00:07]} Be7 {[%emt 0:00:10]} 10. Be3 {[%emt 0:00:19]} Bb7 {[%emt 0:00:29]} 11. Qb1 {[%emt 0:01:42]} g5 {[%emt 0:02:12]} 12. Rd1 {[%emt 0:07:42]} Qd7 {[%emt 0:10:42]} 13. d5 {[%emt 0:05:28]} Nxd5 {[%emt 0:14:32]} 14. Bxc4 {[%emt 0:01:03]} Na5 {[%emt 0:01:01]} 15. Bxd5 {[%emt 0:03:32]} Bxd5 {[%emt 0:00:25]} 16. Nc3 {[%emt 0:00:10]} g4 {[%emt 0:05:47]} 17. Nxd5 {[%emt 0:01:03]} exd5 {[%emt 0:00:11]} 18. Nd4 {[%emt 0:14:53]} Nc4 {[%emt 0:02:15]} 19. Bf4 {[%emt 0:00:21]} O-O {[%emt 0:01:06]} 20. Qf5 {[%emt 0:03:11]} Rad8 {[%emt 0:02:34]} 21. Bh6 {[%emt 0:04:53]} Qxf5 {[%emt 0:02:15]} 22. Nxf5 {[%emt 0:00:05]} Rfe8 {[%emt 0:00:03]} 23. Nxe7+ {[%emt 0:00:07]} Rxe7 {[%emt 0:00:03]} 24. Bg5 {[%emt 0:00:02]} Red7 {[%emt 0:00:11]} 25. Bxd8 {[%emt 0:00:06]} Rxd8 {[%emt 0:00:02]} 26. Rac1 {[%emt 0:01:51]} Nxe5 {[%emt 0:01:53]} 27. Rxc7 {[%emt 0:00:08]} d4 {[%emt 0:00:12]} 28. Kf1 {[%emt 0:22:46]} a6 {[%emt 0:00:40]} 29. Ke2 {[%emt 0:01:31]} Rd6 {[%emt 0:02:34]} 30. Rc5 {[%emt 0:11:47]} f6 {[%emt 0:01:56]} 31. Rc7 {[%emt 0:01:20]} d3+ {[%emt 0:00:07]} 32. Kd2 {[%emt 0:02:30]} Rd4 {[%emt 0:00:57]} 33. Ke3 {[%emt 0:01:17]} Rb4 {[%emt 0:01:27]} 34. b3 {[%emt 0:00:16]} f5 {[%emt 0:00:23]} 35. Re1 {[%emt 0:02:04]} Rb5 {[%emt 0:01:08]} 36. Kd4 {[%emt 0:02:40]} Kf8 {[%emt 0:00:16]} 37. a4 {[%emt 0:06:35]} Rb8 {[%emt 0:00:16]} 38. Kxe5 {[%emt 0:01:39]} Re8+ {[%emt 0:00:06]} 39. Kf6 {[%emt 0:00:33]} Rxe1 {[%emt 0:00:04]} 40. Rd7 {[%emt 0:00:07]} Ke8 {[%emt 0:00:29]} 41. Rxd3 {[%emt 0:00:06]} Rh1 {[%emt 0:00:06]} 42. h3 {[%emt 0:04:50]} Rf1 {[%emt 0:00:05]} 43. Rd2 {[%emt 0:01:32]} Rb1 {[%emt 0:00:04]} 44. Re2+ {[%emt 0:00:44]} Kd8 {[%emt 0:00:16]} 45. h4 {[%emt 0:00:12]} Rxb3 {[%emt 0:01:00]} 46. Kxf5 {[%emt 0:00:04]} g3 {[%emt 0:00:01]} 47. f4 {[%emt 0:01:10]} Ra3 {[%emt 0:00:19]} 48. Kg4 {[%emt 0:00:17]} Rxa4 {[%emt 0:00:42]} 49. Kxg3 {[%emt 0:00:03]} a5 {[%emt 0:00:10]} 50. Kg4 {[%emt 0:00:03]} Rb4 {[%emt 0:00:04]} 51. Kg5 {[%emt 0:00:09]} Rb6 {[%emt 0:00:03]} 52. f5 {[%emt 0:00:29]} h6+ {[%emt 0:00:02]} 53. Kh5 {[%emt 0:00:24]} a4 {[%emt 0:00:09]} 54. g4 {[%emt 0:00:22]} a3 {[%emt 0:00:02]} 55. Ra2 {[%emt 0:01:17]} Ra6 {[%emt 0:00:04]} 56. f6 {[%emt 0:01:49]} Ke8 {[%emt 0:00:49]} 57. Kg6 {[%emt 0:00:34]} Kf8 {[%emt 0:00:03]} 58. g5 {[%emt 0:00:45]} Ra4 {[%emt 0:01:02]} 59. Rc2 {[%emt 0:00:24]} Ra8 {[%emt 0:00:20]} 60. gxh6 {[%emt 0:00:35]} Kg8 {[%emt 0:00:57]} 61. Ra2 {[%emt 0:00:29]} Ra6 {[%emt 0:00:26]} 62. Re2 {[%emt 0:00:22]} Ra8 {[%emt 0:00:14]} 63. f7+ {[%emt 0:00:08]} Kf8 {[%emt 0:00:03]} 64. Re8+ {[%emt 0:00:02]} Rxe8 {[%emt 0:00:02]} 65. fxe8=Q+ {[%emt 0:00:03]} Kxe8 {[%emt 0:00:01]} 66. h7 {[%emt 0:00:01]} a2 {[%emt 0:00:02]} 67. h8=Q+ {[%emt 0:00:04]} 1-0

[Event "EYCC Open U20 2021"]
[Site "Tornelo"]
[Date "2021.10.15"]
[Round "4.1"]
[White "Murzin, Volodar"]
[Black "Salemgareev, Tagir"]
[Result "1-0"]
[WhiteElo "2513"]
[BlackElo "2489"]
[Annotator "TA"]
[PlyCount "115"]
[EventDate "2021.10.15"]
[EventType "swiss"]
[EventCountry "NET"]
[SourceTitle "playchess.com"]
[Source "ChessBase"]
[SourceQuality "1"]

{[%evp 20,115,18,18,18,10,14,12,7,8,8,8,12,6,6,9,9,10,4,12,11,0,1,0,52,32,80,89,70,81,148,164,170,164,163,156,188,179,199,109,169,97,90,49,170,194,181,171,165,168,199,152,183,179,162,159,100,28,269,268,260,254,197,0,0,0,0,0,0,0,0,0,0,0,0,0,0,0,0,0,0,0,0,0,0,0,12825,1256,12850,12850,27996,27996,27998,27996,27998,27998,27999,27998]} 1. e4 c5 2. Nf3 d6 3. d4 cxd4 4. Nxd4 Nf6 5. Nc3 a6 6. Be3 e5 7. Nb3 Be6 8. f3 h5 9. Qd2 Nbd7 10. O-O-O Be7 11. Kb1 b5 {B90: Sicilian Najdorf: Unusual White 6th moves, 6 Be3 Ng4 and 6 Be3 e5.} 12. Nd5 Bxd5 13. exd5 Nb6 {The position is equal.} 14. Bxb6 Qxb6 15. Na5 Rc8 16. Nc6 Nxd5 17. Nxe7 Nxe7 18. Qxd6 Qxd6 19. Rxd6 Nc6 20. Rd2 Ke7 21. Bd3 {[#]} Ke6 $146 (21... Rhd8 $11) ({Predecessor:} 21... Rhd8 22. Rhd1 Rc7 23. c3 Na5 24. Kc2 h4 25. g3 hxg3 26. hxg3 g6 27. a4 Nc4 {½-½ (39) Dominguez Perez,L (2754)-Nepomniachtchi,I (2721) Beijing 2013}) 22. Rhd1 $14 f5 23. a4 Nd4 24. f4 exf4 (24... Rc5 $142) 25. Bf1 $16 Nc6 26. axb5 axb5 27. Rd6+ ({Don't play} 27. Bxb5 $6 Rhd8 $16) 27... Kf7 28. Bxb5 Ne7 29. Rd7 ({White should try} 29. b3 $18) 29... Rh6 (29... Rc5 $16) 30. Ba4 (30. R1d5 $1 $18) 30... Ra6 {[#]} 31. Re1 $1 Re8 ({Better is} 31... Rxa4 $14 32. Rexe7+ Kf6) 32. Bb5 $1 $18 {[%cal Rb5a6]} Rb6 33. Bc4+ Kf8 34. h4 Rf6 35. b3 Ng6 36. Rxe8+ Kxe8 37. Rxg7 Nxh4 {[%mdl 4096] Endgame KRB-KRN} 38. Be2 (38. Bd5 $16) 38... f3 $2 (38... Rh6 $11) 39. Bxf3 ({Not} 39. gxf3 Re6 $16) 39... Nxf3 40. gxf3 {KR-KR} Rh6 {[#]} 41. Kc1 $2 ({White has to play} 41. Rg3 $1 $18) 41... h4 $11 42. Kd2 h3 {And now ...h2 would win.} 43. Rg1 h2 44. Rh1 Ke7 45. Ke3 Re6+ 46. Kd2 Rh6 47. Ke1 Kd6 48. Kf2 Ke5 49. Kg3 Kd4 50. Rxh2 f4+ $1 51. Kg2 Rg6+ 52. Kf2 Kc3 $2 {[%mdl 8192]} (52... Rc6 $11) 53. Rh5 (53. Rh7 $142 Kxc2 54. Rf7) 53... Kxc2 {[#]} 54. Rf5 $1 {[%cal Rf5f4]} Kxb3 55. Rxf4 {White mates.} Kc3 56. Ke3 Rg8 57. Re4 Rg3 58. Re5 {Weighted Error Value: White=0.14/Black=0.36} 1-0

[Event "EYCC Open U20 2021"]
[Site "Tornelo"]
[Date "2021.10.15"]
[Round "4.2"]
[White "Pantzar, Milton"]
[Black "Dudin, Gleb"]
[Result "1-0"]
[WhiteElo "2413"]
[BlackElo "2438"]
[Annotator "TA"]
[PlyCount "89"]
[EventDate "2021.10.15"]
[EventType "swiss"]
[EventCountry "NET"]
[SourceTitle "playchess.com"]
[Source "ChessBase"]
[SourceQuality "1"]

{[%evp 11,89,7,8,12,16,10,12,5,30,0,0,0,0,0,0,0,0,0,0,0,0,0,0,-21,-6,-10,-24,-25,8,-9,0,0,0,-27,-35,-32,-16,-44,12,26,32,0,23,-122,0,0,0,0,0,0,0,0,0,0,54,58,56,56,74,85,96,0,0,0,0,0,0,0,0,0,0,0,29978,29979,29980,29978,29981,29982,29981,29981]} 1. d4 Nf6 2. Nf3 d5 3. c4 c6 4. Qb3 e6 5. Bg5 Nbd7 6. Nc3 h6 {6...Qa5 is becoming the main line.} 7. Bh4 {D43: Semi-Slav: 5 Bg5 h6.} Be7 8. e3 O-O 9. Bd3 {The position is equal. has lost popularity (9.Rc1).} a6 10. a4 dxc4 11. Bxc4 {[#]} b5 $146 ({Predecessor:} 11... c5 12. Rd1 cxd4 13. Nxd4 Nc5 14. Qc2 Qe8 15. Ba2 Nh5 16. Bb1 f5 17. Bxe7 Qxe7 {1-0 (51) Volodin,V (2251)-Karhanek,P (2159) Marianske Lazne 2004}) 12. axb5 cxb5 13. Be2 Bb7 14. O-O Qb6 15. Rfd1 Rfc8 16. Ne5 Bf8 17. Bf3 Nxe5 18. dxe5 {aiming for Bxb7.} Bxf3 19. gxf3 Nh7 20. Rd4 Ng5 21. Bxg5 hxg5 22. Rg4 Be7 23. Ne4 Qc7 24. f4 Qc2 (24... g6 $15) 25. Qxc2 $11 Rxc2 26. fxg5 Rxb2 {[#]} 27. Rc1 (27. Nf6+ $1 $11 {remains equal.} gxf6 (27... Bxf6 28. gxf6) 28. gxf6+ Kf8 29. Rc1) 27... Rb4 (27... a5 $17 28. Rc7 a4 $1 29. Rxe7 a3) 28. Rc7 $1 {[%cal Rc7e7]} Bf8 {...a5 is the strong threat.} (28... Bd8 {looks sharper.} 29. Rd7 a5 30. h4 Rc8 31. g6 fxg6 32. Rxg6 Rc1+) 29. Kg2 a5 30. g6 fxg6 31. Kf3 a4 32. Rxg6 {Nf6+ would kill now.} Rxe4 33. Kxe4 {[%mdl 4096] Endgame KRR-KRB} b4 34. Rb7 $1 a3 35. Rg1 ({Don't blunder} 35. Rxe6 $2 a2 $19) 35... Rc8 36. f4 (36. h4 $16) 36... Rc3 37. f5 exf5+ 38. Kf3 {Strongly threatening e6.} b3 {Threatens to win with ...b2.} 39. e6 {Black must now prevent e7.} b2 {And now ...Rc1 would win.} 40. e7 Bxe7 41. Rxe7 a2 $2 {[%mdl 8192]} (41... Kf8 $11 42. Rgxg7 b1=Q 43. Rgf7+ Kg8 44. Rg7+ Kh8 45. Rh7+ Kg8 46. Rhg7+ Kh8 47. Rh7+ Kg8 48. Rhg7+) 42. Rgxg7+ {White mates.} Kf8 {[#]} 43. Ref7+ $1 Ke8 44. Ra7 {[%cal Rg7g8]} Kf8 45. Rgb7 {Weighted Error Value: White=0.13/Black=0.30} 1-0

[Event "EYCC Open U20 2021"]
[Site "Tornelo"]
[Date "2021.10.15"]
[Round "4.3"]
[White "Ibrahimli, Murad"]
[Black "Koelle, Tobias"]
[Result "1/2-1/2"]
[WhiteElo "2435"]
[BlackElo "2393"]
[Annotator "TA"]
[PlyCount "123"]
[EventDate "2021.10.15"]
[EventType "swiss"]
[EventCountry "NET"]
[SourceTitle "playchess.com"]
[Source "ChessBase"]
[SourceQuality "1"]

{[%evp 9,123,-24,47,23,58,53,48,45,65,40,54,52,78,13,20,11,19,23,25,2,0,-5,5,-18,-16,-33,-41,-75,0,-9,13,6,21,29,56,37,141,0,0,0,459,442,502,499,465,477,473,451,451,449,439,439,784,752,29986,971,886,572,555,553,954,708,699,0,0,0,0,-8,0,-7,0,0,0,0,0,0,0,0,4,0,6,1,10,10,10,10,10,10,10,8,8,0,0,0,1,0,0,0,0,0,0,0,0,0,0,0,0,0,0,0,0,0,0,0,0,0]} 1. Nf3 d5 2. d4 Nf6 3. c4 e6 4. Bg5 dxc4 5. e3 a6 (5... b5 $11) 6. Bxc4 $14 {D30: Queen's Gambit Declined: Systems without Nc3.} b5 7. Bd3 Bb7 8. a4 {White is slightly better.} b4 {[#]} 9. Qe2 $146 ({Predecessor:} 9. Nbd2 c5 10. e4 cxd4 11. e5 h6 12. Bh4 g5 13. Bg3 Nh5 14. O-O Be7 15. Be4 {0-1 (60) Javakhishvili,L (2464)-Szczepkowska,K (2408) Wroclaw 2018}) 9... Be7 10. Nbd2 Nbd7 11. e4 (11. Bxf6 $16 gxf6 12. O-O) 11... c5 $1 $11 12. Nc4 {e5 is the strong threat.} O-O 13. e5 Nd5 {[#]} 14. Qe4 $1 {[%csl Gd3][%cal Re4h7]} g6 15. Bxe7 Qxe7 16. Na5 Rfb8 17. Nxb7 Rxb7 18. Bc4 N7b6 (18... cxd4 $1 $17 19. Bxd5 exd5 20. Qxd5 Nc5) 19. dxc5 Qxc5 20. Bb3 a5 21. h4 Rd7 22. h5 Rad8 ({Black should try} 22... Ne7 $1 $14) 23. Qg4 (23. hxg6 $16 fxg6 24. O-O) 23... Ne3 $1 {[%cal Re3g4]} 24. Qe4 Rd3 $2 {[%mdl 8192]} 25. hxg6 $18 Rxb3 26. gxf7+ Kf8 27. Ng5 {[%mdl 64] Double Attack} Nc2+ 28. Kf1 Qc4+ 29. Qxc4 Nxc4 30. Nxe6+ Ke7 (30... Kxf7 $142 31. Nxd8+ Ke8) 31. Nxd8 Nxa1 {[#]} 32. e6 $1 Ne5 {[#]} 33. f4 $1 Rd3 {Threatens to win with ...Rd1+.} 34. Rxh7 Ng6 {[#]} 35. f5 $1 Rxd8 36. f8=Q+ $2 (36. fxg6 $18 Kxe6 37. Rg7) 36... Kxf8 $11 {The position is equal.} 37. fxg6 {[%mdl 4096] Endgame e7+ would kill now. KRN-KR} Kg8 $1 38. Kf2 (38. e7 {keeps more tension.} Re8 39. Ke2 Nb3 40. Ke3 Nc5 41. Kf4) 38... Nc2 39. Ra7 Nd4 40. Rxa5 Nxe6 41. Ke3 Kg7 42. Rb5 Nd4 43. Rb6 Nf5+ 44. Kf4 Ne7 {aiming for ...Nd5+.} 45. Ke4 Nd5 46. Rb5 Nf6+ 47. Kf5 Rd7 48. Rxb4 Rd5+ 49. Ke6 {Black must now prevent Rb7+.} Ra5 50. Kd6 (50. b3 {with more complications.} Kxg6 51. Rb5 Ra6+ 52. Ke5 Kf7 53. a5) 50... Kxg6 51. b3 Kf7 52. Kc6 Ke6 53. Rb5 Ra8 54. a5 Nd7 55. Rh5 {With the idea Rh6+.} Rc8+ 56. Kb5 Rb8+ 57. Ka4 Kd6 58. b4 Rg8 59. a6 Rxg2 60. Kb5 Kc7 61. Rd5 Re2 62. Rg5 {Blacks defense is rewarded with a draw.  Weighted Error Value: White=0.27/Black=0.34} 1/2-1/2

[Event "EYCC Open U20 2021"]
[Site "Tornelo"]
[Date "2021.10.15"]
[Round "4.4"]
[White "Leisch, Lukas"]
[Black "Garayev, Kanan"]
[Result "1/2-1/2"]
[WhiteElo "2406"]
[BlackElo "2339"]
[Annotator "TA"]
[PlyCount "104"]
[EventDate "2021.10.15"]
[EventType "swiss"]
[EventCountry "NET"]
[SourceTitle "playchess.com"]
[Source "ChessBase"]
[SourceQuality "1"]

{[%evp 21,104,9,19,8,12,7,11,6,29,20,14,14,15,12,17,6,10,8,9,9,10,10,10,10,15,12,71,71,71,48,110,114,138,142,139,133,138,128,127,47,23,8,8,20,11,13,111,0,0,-10,-8,-12,-9,-34,-8,-14,-14,-15,-12,-15,-10,-14,-14,-14,-14,-43,-24,-24,-129,-18,0,0,0,0,0,0,0,0,0,0,0,0,0,0,0]} 1. Nf3 d5 2. c4 e6 3. g3 Nf6 4. Bg2 Be7 5. O-O O-O 6. d4 dxc4 7. Qc2 a6 8. a4 Bd7 9. Qxc4 Bc6 10. Bg5 Nbd7 11. Nc3 h6 12. Bxf6 {E05: Open Catalan: 5 Nf3 Be7.} Nxf6 13. Rfd1 $1 {[%mdl 4] is recently more successful than 13.b4.} Qd6 14. e3 {[#]} a5 $146 ({Predecessor:} 14... Rfd8 15. a5 Rac8 16. Qe2 Bxf3 17. Bxf3 c6 18. Ra4 g6 19. Rc4 Qc7 20. b4 Nd5 {½-½ (34) Giri,A (2776)-Grischuk,A (2778) Zagreb 2021}) 15. Qb3 Qb4 16. Qc2 Bxf3 17. Bxf3 c6 18. Ra3 Qb6 19. Rb3 Qa7 20. h4 Rfd8 21. Kg2 Rac8 22. Qe2 Rd7 23. Rh1 Qa6 (23... g6 $11) 24. Qxa6 $16 bxa6 25. Rb6 Nd5 ({Better is} 25... c5 $14) 26. Rxa6 Rb7 27. Rc1 {And now Nxd5 would win.} Nb4 28. Rxa5 Nd3 29. Rd1 Bb4 {[#]} 30. Rb5 {[%mdl 512]} Rxb5 $14 31. axb5 Nxb2 32. Na2 Nxd1 33. Nxb4 $11 {[%mdl 4096] Endgame KRN-KBN} Nc3 (33... Nxe3+ $1 $11 {remains equal.} 34. fxe3 cxb5) 34. bxc6 ({White has to play} 34. Nxc6 $16 Rc7 35. b6) 34... Nb5 35. g4 Kf8 36. Kg3 Ke7 37. d5 exd5 38. Nxd5+ Kd6 39. Nb6 Re8 40. Kf4 Nc7 41. Nc4+ Kc5 42. Ne5 Nd5+ 43. Kf5 {White wants to play Bxd5.} (43. Bxd5 $5 Kxd5 44. e4+ Kd6 45. Nf3 $15) 43... g6+ 44. Nxg6 $1 fxg6+ 45. Kxg6 Kxc6 {The position is equal.} (45... Re6+ {seems wilder.} 46. Kg7 Nc7 47. g5 hxg5 48. hxg5 Kd6) 46. Kxh6 Rh8+ 47. Kg7 Rxh4 {aiming for ...Kd6.} 48. g5 Rh2 49. Bxd5+ Kxd5 50. f4 Ke4 (50... Ke6 $5 51. e4 $8 Rf2 52. f5+ Ke5 $11) 51. g6 {Black must now prevent Kf8.} Ra2 52. Kh7 Kf5 {Weighted Error Value: White=0.11/Black=0.13} 1/2-1/2

[Event "EYCC Open U20 2021"]
[Site "Tornelo"]
[Date "2021.10.15"]
[Round "4.5"]
[White "Ben Ari, Yannay"]
[Black "Stoleriu, George"]
[Result "1-0"]
[WhiteElo "2416"]
[BlackElo "2373"]
[Annotator "TA"]
[PlyCount "93"]
[EventDate "2021.10.15"]
[EventType "swiss"]
[EventCountry "NET"]
[SourceTitle "playchess.com"]
[Source "ChessBase"]
[SourceQuality "1"]

{[%evp 14,93,27,25,34,30,25,24,51,49,38,23,35,43,90,74,139,43,87,87,86,54,57,45,53,35,44,35,61,60,64,16,9,20,16,21,143,9,17,18,60,72,66,71,85,76,75,80,84,84,109,100,118,141,289,289,285,285,382,285,538,536,1173,1110,1105,1125,1147,1077,1082,1049,970,924,966,923,1459,1448,1300,1261,1531,1417,1133,1104]} 1. c4 e5 2. Nc3 Nc6 3. g3 g6 4. Bg2 Bg7 5. d3 d6 6. e4 Be6 7. Nge2 h5 8. h4 Qd7 {A26: English Opening vs King's Indian with ...Nc6 and d3.} 9. Rb1 Nf6 10. Nd5 Nh7 {White has an edge.} 11. b4 {[%cal Bb2b4,Bb4b5][%mdl 32]} O-O {[#]} 12. b5 $146 ({Predecessor:} 12. Be3 Nd8 13. Qd2 c6 14. Ndc3 f6 15. c5 dxc5 16. bxc5 Nf7 17. d4 exd4 18. Qxd4 {1-0 (40) Hanley,C (2331)-Jakobsen,O (2398) Copenhagen 2002}) 12... Ne7 13. d4 f5 14. dxe5 Bxe5 (14... dxe5 $142 15. Ba3 Bxd5) 15. Nd4 (15. Bh6 $16) 15... fxe4 16. Nxe6 ({But not} 16. Bxe4 $6 Bxd5 17. cxd5 Nf6 $15) 16... Qxe6 17. O-O (17. Nxe7+ {seems wilder.} Qxe7 18. O-O Nf6 19. Bg5 Bc3 20. Qc2) 17... Nxd5 18. cxd5 Qf5 19. Rb4 {[%mdl 1024] White has compensation.} Nf6 20. Bg5 Rae8 21. Rc4 Rf7 22. Qc2 e3 $1 ({Not} 22... Nxd5 $2 23. Bxe4 Qe6 24. Bxg6 $18) 23. fxe3 Qxc2 24. Rxc2 Ref8 {[#]} (24... Kg7 $11 {keeps the balance.}) 25. Bh6 (25. Bh3 $1 $16 {[%cal Rh3e6]}) 25... Re8 $11 26. Rcf2 Ree7 27. Bh3 {aiming for Be6.} Ng4 ({Wrong is} 27... Nxd5 $2 28. Rxf7 Rxf7 29. Be6 $18) 28. Bxg4 hxg4 29. Kg2 Rxf2+ 30. Rxf2 $16 {[%mdl 4096] Endgame KRB-KRB} Bg7 {[#]} 31. Bf4 Be5 32. Bg5 Rf7 33. Rc2 Kf8 {This costs Black the game.} (33... Bg7 $16 34. a4 a6) 34. Rc4 $18 Ke8 35. Rxg4 Kd7 36. Ra4 Bc3 $2 (36... a6 37. bxa6 bxa6 38. Rxa6 Rf8) 37. Rxa7 {White is clearly winning.} b6 38. Ra8 {[%csl Gg5][%cal Ra8d8]} Bf6 39. Bxf6 Rxf6 {KR-KR} 40. Rg8 Rf5 41. e4 Rf6 42. Rg7+ Kd8 43. a3 Kc8 44. Kh3 Kd8 45. Kg4 Kc8 46. Re7 Kd8 47. Re6 {Weighted Error Value: White=0.15/Black=0.35} 1-0

[Event "EYCC Open U20 2021"]
[Site "Tornelo"]
[Date "2021.10.15"]
[Round "4.6"]
[White "Pliukha, Myhajlo"]
[Black "Sokolovsky, Yahli"]
[Result "0-1"]
[WhiteElo "2217"]
[BlackElo "2422"]
[Annotator "TA"]
[PlyCount "68"]
[EventDate "2021.10.15"]
[EventType "swiss"]
[EventCountry "NET"]
[SourceTitle "playchess.com"]
[Source "ChessBase"]
[SourceQuality "1"]

{[%evp 22,68,0,-8,0,0,0,7,-7,-35,-4,-66,-72,-64,-60,-60,-50,-122,-122,-110,-12,-119,-50,-53,-85,-56,0,0,77,71,72,0,0,0,0,-29986,-29987,-29997,-29988,-29988,-29989,-29989,-29990,-29990,-29991,-29991,-29992,-29993,-29994]} 1. e4 e5 2. Nf3 Nc6 3. Bb5 a6 4. Ba4 Nf6 5. d4 exd4 6. O-O Be7 7. e5 Ne4 8. Nxd4 O-O 9. Nf5 d5 10. Bxc6 bxc6 11. Nxe7+ Qxe7 12. Re1 Bb7 {C84: Closed Ruy Lopez: Unusual White 6th moves.} (12... Qxe5 $6 13. f3 $16) 13. f3 Nc5 14. b3 {Black must now prevent Ba3.} Ne6 {[#] The position is equal.} 15. f4 $146 ({Predecessor:} 15. Ba3 c5 16. Nc3 Rfd8 17. Qd2 Bc6 18. Ne2 {½-½ (18) Adamson,R (2309)-Yermolinsky,A (2512) Los Angeles 2007}) 15... f5 16. Ba3 (16. Re2 $11) 16... c5 $15 17. Qf3 Rab8 18. Qf2 Kh8 19. Nc3 {[#]} (19. h4 $15) 19... g5 $1 $17 20. Na4 {[%cal Ra3c5]} Rg8 (20... d4 $17 21. fxg5 {[%mdl 64] Overworked Piece} Qxg5 22. Nxc5 Nxc5 23. Bxc5 Rg8) 21. Nxc5 (21. Bxc5 $11 {remains equal.} Qg7 22. Bd4) 21... gxf4 (21... d4 $17 22. Nxe6 Qxe6 23. Qxd4 gxf4) 22. Nxe6 $15 Qxe6 23. Re2 Rg4 ({Better is} 23... d4 $15 24. Qxd4 Rg7) 24. h3 $11 Rg6 (24... Rg3 $11 25. Qxf4 Rbg8) 25. Qxf4 $16 d4 {And now ...Bxg2! would win.} 26. Kh2 ({Much weaker is} 26. Qxd4 Rbg8 $11) (26. Rf1 $16) 26... Rbg8 $11 {[%cal Rg6g2]} 27. Rg1 Qd5 $40 {[%cal Rg6g2][%mdl 128] Black is up to no good.} 28. g3 {[%mdl 8192] [#]} (28. g4 $11 fxg4 29. hxg4) 28... Rxg3 $1 {[%mdl 512] Black mates.} 29. c4 (29. Qxg3 Rxg3) 29... dxc3 30. Qxg3 Rxg3 31. Kxg3 Qf3+ {[%mdl 64] Double Attack} 32. Kh4 Qf4+ 33. Rg4 fxg4 34. hxg4 Bf3 {[%csl Gf3][%cal Rf4g4][%mdl 64] Double Attack.  Weighted Error Value: White=0.41/Black=0.23} 0-1

[Event "EYCC Open U20 2021"]
[Site "Tornelo"]
[Date "2021.10.15"]
[Round "4.7"]
[White "Rozen, Eytan"]
[Black "Melaugh, Shane"]
[Result "1-0"]
[WhiteElo "2386"]
[BlackElo "2175"]
[Annotator "TA"]
[PlyCount "47"]
[EventDate "2021.10.15"]
[EventType "swiss"]
[EventCountry "NET"]
[SourceTitle "playchess.com"]
[Source "ChessBase"]
[SourceQuality "1"]

{[%evp 11,47,-11,-9,-9,0,-8,22,19,29,0,0,0,21,11,31,28,58,59,91,81,87,100,80,100,119,89,141,125,140,136,218,207,447,399,650,638,1506,1487]} 1. c4 e5 2. b3 Nc6 3. Bb2 Nf6 4. e3 d5 5. cxd5 Nxd5 6. a3 Bd6 7. d3 {seems to push 7.Qc2 aside. A01: Nimzowitsch-Larsen Opening.} O-O 8. Nd2 Nb6 9. Ngf3 {[#] The position is equal.} Bg4 $146 ({Predecessor:} 9... f5 10. Be2 Be6 11. Qc2 Qe7 12. O-O Rad8 13. Rfe1 Bf7 14. Bf1 Rfe8 15. e4 f4 {1-0 (61) Sergeev,V (2436)-Golubov,S (2242) Pardubice 2013}) 10. b4 Re8 11. Be2 a6 12. Rc1 Bf8 13. O-O Qe7 14. Ne4 f6 {[#]} 15. Nxe5 $1 Bxe2 16. Nxc6 Qxe4 17. Qxe2 Qd5 18. Nd4 c5 (18... c6 $142) 19. bxc5 $16 Bxc5 20. Qg4 {Black must now prevent Nf5.} h5 (20... Bf8 $16 21. Nf5 g6) 21. Qg6 $40 {[%mdl 128] Strongly threatening Nf5. Black is in trouble.} Re5 (21... Bxd4 22. Bxd4 (22. Rc7 Nd7 $18) 22... Nd7) 22. Nf3 Re6 (22... Re7 23. e4 Qd6 24. Rxc5 {[%mdl 64] Deflection} Qxc5 25. Bxf6 Nd7) 23. e4 Qd6 {[#]} 24. Ng5 $1 {[%mdl 576] Pin.  Weighted Error Value: White=0.08/Black=0.52} 1-0